[Event "Cracovia B"]
[Site "Krakow"]
[Date "2004.12.27"]
[Round "1.1"]
[White "Tomsia, Kamil"]
[Black "Dudzinski, Piotr"]
[Result "1/2-1/2"]
[WhiteElo "2000"]
[BlackElo "2098"]
[PlyCount "130"]
[EventDate "2004.12.27"]
[EventType "swiss"]
[EventRounds "9"]
[EventCountry "POL"]

1. d4 d5 2. c4 c6 3. e3 Nf6 4. Nf3 Bf5 5. Nc3 e6 6. Bd3 Bg6 7. O-O Bd6 8. cxd5
exd5 9. Re1 Ne4 10. Qc2 f5 11. Nd2 Bxh2+ 12. Kf1 Qh4 13. Nf3 Qh6 14. Nxd5 Bd6
15. Nf4 Bxf4 16. exf4 Qh1+ 17. Ng1 O-O 18. Qb3+ Rf7 19. Bc4 b5 20. Be6 Na6 21.
Qh3 Qxh3 22. Nxh3 Nb4 23. Re2 Re8 24. Bxf7+ Bxf7 25. b3 Rd8 26. Be3 Nc3 27. Rd2
Ne4 28. Rdd1 Nc3 29. Rd2 Ne4 30. Rb2 Nd3 31. Rc2 Bd5 32. Ng5 Nxg5 33. fxg5 f4
34. Bd2 f3 35. gxf3 Rf8 36. f4 Nxf4 37. Bxf4 Rxf4 38. Ke2 Rxd4 39. f3 a5 40.
Rc3 a4 41. Re3 Kf7 42. Rd1 Rb4 43. bxa4 Rxa4 44. a3 Kg6 45. Rg1 Rf4 46. Kf2 Rf5
47. Rg3 Rxg5 48. Rxg5+ Kxg5 49. Kg3 Kf6 50. Kf4 h5 51. Kg3 Kf5 52. Re7 g5 53.
Re8 h4+ 54. Kf2 g4 55. Rf8+ Kg5 56. f4+ Kg6 57. Rh8 Kf5 58. Ke3 h3 59. Rh5+ Ke6
60. Kf2 c5 61. Kg3 b4 62. axb4 cxb4 63. Kxg4 b3 64. Rxh3 b2 65. Re3+ Kf6
1/2-1/2